| 000 | 00448pam a2200157 a 4500 | ||
|---|---|---|---|
| 020 | _a0070383421 | ||
| 040 | _cDLC | ||
| 082 | _a652 GRE 1987 A042 Or. | ||
| 245 | 0 | 0 |
_aGregg typing : _bseries eight : keyboarding and processing documents / |
| 260 |
_aNew York : _bGregg Division/McGraw-Hill, _cc1987. |
||
| 300 |
_a137 p. : _bcol. ill. ; _c22 cm. |
||
| 500 | _aIncludes index. | ||
| 650 | 0 | _aTypewriting. | |
| 700 | 1 | _aLloyd, Alan C. | |
| 942 | _cEK | ||
| 999 |
_c12433 _d12433 |
||